Anatomía de la naturaleza: de cómo la función crea forma en las estructuras animadas e inanimadas del entero universo

Tallennettuna:
Bibliografiset tiedot
Päätekijä: Feininger, Andreas (Tekijä)
Aineistotyyppi: Kirja
Kieli:espanja
Julkaistu: Barcelona Jano 1962
Aiheet:
Tagit: Lisää tagi
Ei tageja, Lisää ensimmäinen tagi!

MARC

LEADER 00000nam a2200000 a 4500
001 UCY0050
003 CL-VaPUC
008 940708e19620000SP |||||||||||||||||spa|d
082 0 4 |a 778.93  |b FEI  |2 21 
100 0 |a Feininger, Andreas  |e author  |9 327629 
245 1 0 |a Anatomía de la naturaleza: de cómo la función crea forma en las estructuras animadas e inanimadas del entero universo 
300 |a 168 p 
942 |c BK 
945 |d 19940708 00:00:00  |a oaravena 
260 |a Barcelona  |b Jano  |c 1962 
650 7 |a FOTOGRAFIA DE LA NATURALEZA  |2 CL-VaPUC  |9 327630 
650 0 |a Obras ilustradas  |9 265022 
650 0 |a Ciencias naturales  |9 260542 
583 |a last modification  |c 19940708 00:00:00  |k Rodrigo Vera 
999 |c 229140  |d 229138 
952 |0 0  |1 0  |4 0  |6 778_930000000000000_FEI_1962  |7 0  |8 A  |9 229764  |a BIBARQ  |b BIBARQ  |d 2019-11-15  |i 2990962  |l 1  |o 778.93 FEI 1962  |p 2990962  |r 2025-01-20  |s 2023-04-17  |w 2019-11-15  |y BK  |k ARQ